Statistiques concernant Pays qui partagent ces régions n°2

Cliquez ici pour prendre le quiz!

Statistiques générales

  • Ce quiz a été pris 179 fois
    (170 depuis la dernière actualisation)
  • Le résultat moyen est 17 sur 23

Statistiques - réponses

Région partagéePays% Correct
CachemireInde
92%
GaliceEspagne
91%
L’île de Saint-MartinFrance
89%
PatagonieArgentine
88%
PatagonieChili
88%
désert d'AtacamaChili
88%
GalicePortugal
88%
CachemirePakistan
86%
SchleswigAllemagne
85%
TyrolAutriche
85%
désert d'AtacamaPerou
81%
CachemireChine
79%
TyrolItalie
78%
CarélieRussie
78%
L’île de Saint-MartinPays-Bas
76%
GaliciePologne
72%
SchleswigDanemark
66%
HispaniolaHaiti
62%
HispaniolaRépublique Dominicaine
62%
BačkaHongrie
57%
GalicieUkraine
54%
CarélieFinlande
51%
BačkaSerbie
42%

Distribution des résultats

Percentile par nombre de réponses

% des personnes avec chaque résultat

Votre développement - résultats

Vous n’avez pas pris ce quiz depuis la dernière actualisation